Datum a čas kvízu
14
Celkem bodů
Celkový počet nahraných bodů na tomto kvízu bez doplňovacích otázek.
5.
Pořadí na kvízu
Konečné umístění týmu na tomto kvízu.
Zaznamenané odpovědi
| # | Otázka | Odpověď | Body | Výsledky |
|---|---|---|---|---|
| 1. | Moderátor jednoho rádia nabíze... | Michal Kavalčík / Ruda z Ostravy | 0 | |
| 2. | Vláda jisté země dala ve čtvrt... | Francisco Franco | 0 | |
| 3. | V neděli měl vystoupit známý č... | David Černý | 0 | |
| 4. | Minulý týden jsme se dozvěděli... | Avast | 0 | |
| 5. | Česká tenistka Karolína Muchov... | Malý turnaj mistryň | 0 | |
| 6. | Druhý díl naší cesty kolem svě... | Srí Lanka (do r. 1972 Cejlon) | 1 | |
| 7. | Pokračujeme dále do jihovýchod... | Malajsie | 0 | |
| 8. | Další dvě otázky budou patřit... | 2. největší | 1 | |
| 9. | V severní Číně a jižním Mongol... | Gobi | 1 | |
| 10. | Dnešní putování zakončíme v Mo... | z kobylího mléka | 1 |